LIBRARY ONLINE CATALOGUE

Human-computer interaction in the new millennium / (Record no. 169)

MARC details
000 -LEADER
fixed length control field 00766cam a22002292 4500
001 - CONTROL NUMBER
control field 0000000310
005 - DATE AND TIME OF LATEST TRANSACTION
control field 20151021151045.0
008 - FIXED-LENGTH DATA ELEMENTS--GENERAL INFORMATION
fixed length control field 070122s xx 000 0 eng d
020 ## - INTERNATIONAL STANDARD BOOK NUMBER
International Standard Book Number 8178085496 :
Terms of availability KES 2,800
040 ## - CATALOGING SOURCE
Original cataloging agency KABU
Transcribing agency KABU
050 #0 - LIBRARY OF CONGRESS CALL NUMBER
Classification number QA76.9
Item number .H85H86
245 10 - TITLE STATEMENT
Title Human-computer interaction in the new millennium /
Statement of responsibility, etc. John M. Carroll, ed.
260 ## - PUBLICATION, DISTRIBUTION, ETC. (IMPRINT)
Place of publication, distribution, etc. Delhi :
Name of publisher, distributor, etc. Pearson Educ.,
Date of publication, distribution, etc. 2002.
300 ## - PHYSICAL DESCRIPTION
Extent xxxvii, 703 p.
650 #0 - SUBJECT ADDED ENTRY--TOPICAL TERM
Topical term or geographic name as entry element Human-computer interaction.
-- 0000148431
700 1# - ADDED ENTRY--PERSONAL NAME
Personal name Carroll, John M.
Relator term ed.
-- 0000052616
908 ## - PUT COMMAND PARAMETER (RLIN)
Put command parameter 070122
950 ## - LOCAL HOLDINGS (RLIN)
-- 1
Holdings
Withdrawn status Lost status Source of classification or shelving scheme Not for loan Home library Current library Date acquired Total Checkouts Full call number Barcode Date last seen Price effective from Koha item type Date last checked out
    Library of Congress Classification   Kabarak, Main Campus Kabarak, Main Campus 17/12/2015 2 QA76.9 .H85H86 c. 1 003474 19/06/2024 17/12/2015 General Collection 03/06/2024
    Library of Congress Classification   Kabarak, Nakuru City Campus Kabarak, Nakuru City Campus 21/10/2015   QA76.9 .H85H86 c. 1 005643 21/10/2015 21/10/2015 General Collection  
    Library of Congress Classification   Kabarak, Nakuru City Campus Kabarak, Nakuru City Campus 21/10/2015   QA76.9 .H85H86 c. 2   21/10/2015 21/10/2015 General Collection  
    Library of Congress Classification   Kabarak, Nakuru City Campus Kabarak, Nakuru City Campus 21/10/2015   QA76.9 .H85H86 c. 3   21/10/2015 21/10/2015 General Collection